000 00265nam a22001217a 4500
008 190306b xxu||||| |||| 00| 0 eng d
041 _aeng
080 _212th
_a531
100 _a43
101 _aFIZ
245 _aConceptual Physics
_cHewitt, P.G
942 _2udc
_cBK
999 _c54654
_d54654